000 00938nam a2200277Ia 4500
001 u24151
003 SIRSI
005 20180219123828.0
007 he|amb|||bacu
008 010312s1986 ua a bb 000 0 eng d
039 9 _a200306171117
_bsafaa
_y200203190954
_zload
040 _aEAL
090 _aThesis
_bS-2680
100 1 _aAbo-El-Woahed, Mohamed Salama Ahmed.
245 1 0 _aFertilizer studies with groundnut on sandy soil
_h[microform] /
_cMohamed Salama Ahmed Abo-El-Woahed.
260 _c1986.
300 _a66, 4 leaves :
_bill. ;
_c30 cm.
502 _aThesis (M.S.)-- Al-Azhar University, 1986.
504 _aIncludes bibliographical references (leaves 49-66).
533 _aMicrofiche.
_bASUNET,
_cAin Shams University,
_e2 microfiches : negative.
546 _aSummary in Arabic.
596 _a1
650 0 _aPeanuts
_xFertilizers
650 0 _aPeanuts.
942 _cMIC
_2lcc
999 _c4639
_d4639